000 00256nam a2200097Ia 4500
001 988708
005 20250826221143.0
008 250824s9999 xx 000 0 und d
245 0 _aEĞLENCELİ TEKERLER BAY İTFAİYE
_cHARRY SIMPSON
260 _bDOKUZ YAYINLARI
999 _c988708
_d988708